Figure Out The Lyrics (INXS) Quiz Stats

 Plays Quiz not verified by Sporcle

Score 0/117 Timer 08:00
0 Plays Today
% Correct
and
97.6%
a
97.6%
and
97.6%
and
97.6%
I
97%
I
97%
I
97%
I
97%
I
97%
I
97%
I
97%
you
94%
you
94%
you
94%
you
94%
you
94%
you
94%
you
94%
You
94%
you
94%
to
88.2%
We
87.3%
we
87.3%
we
87.3%
love
86.4%
me
86%
me
86%
us
83.9%
us
83.9%
is
83.7%
your
83.4%
your
83.4%
for
82.2%
were
82.1%
us
82.1%
us
82.1%
were
82.1%
we're
82.1%
were
82.1%
% Correct
what
81.5%
they
81%
they
81%
they
81%
there
80.9%
there
80.9%
there
80.9%
know
80.3%
know
80.3%
know
80.3%
never
79.9%
never
79.9%
never
79.9%
tell
79.3%
Don't
79%
Don't
79%
could
79%
could
79%
could
79%
don't
79%
could
79%
Don't
79%
could
79%
was
78.8%
was
78.8%
was
78.8%
of
77.9%
have
77.6%
have
77.6%
if
77.3%
tear
77%
tear
77%
tear
77%
apart
76.9%
apart
76.9%
apart
76.9%
why
76.4%
Two
74.5%
all
74.5%
% Correct
Two
74.5%
Two
74.5%
worlds
74.2%
that
74.2%
worlds
74.2%
Worlds
74.2%
worlds
74.2%
But
73.4%
but
73.4%
true
73%
true
73%
heart
72.8%
live
71.8%
standing
71.6%
standing
71.6%
standing
71.6%
some
71.5%
from
70.9%
ask
69.4%
ask
69.4%
told
67.9%
I'd
67%
thousand
66.3%
years
66.3%
collided
63.9%
collided
63.9%
collided
63.9%
collided
63.9%
fly
63%
cause
62.8%
precious
62.4%
wings
61.8%
make
60.9%
it's
60.4%
hurt
58.8%
tears
58.8%
wine
54.5%
through
29.6%
shining
23.9%

You're not logged in!

Compare scores with friends on all Sporcle quizzes.
OR
Log In

Show Comments

Extras

Top Quizzes Today


Score Distribution

Your Account Isn't Verified!

In order to create a playlist on Sporcle, you need to verify the email address you used during registration. Go to your Sporcle Settings to finish the process.

Report this User

Report this user for behavior that violates our Community Guidelines.

Details: